|
|
|
|
| LEADER |
00668nam a2200169Ia 4500 |
| 008 |
151104b xxu||||| m||| 00| 0 eng d |
| 082 |
|
|
|a 547.12253,
|
| 100 |
|
|
|a Pradeep Kumar, K
|
| 245 |
|
|
|a Metal chelates of ortho-hydroxy-hydrazones /
|c by Pradeep Kumar, K
|
| 260 |
|
|
|c 1991.
|
| 502 |
|
|
|a Thesis (Ph.D.)-- Department of Chemistry, University of Calicut, 1991.
|
| 504 |
|
|
|a Includes bibliographical references.
|
| 653 |
|
|
|a Chemistry
|
| 796 |
|
|
|a Thakkarajan, N.
|b Thesis advisor.
|c Dr.
|
| 942 |
|
|
|c TH
|
| 999 |
|
|
|c 109842
|d 109842
|
| 952 |
|
|
|0 0
|1 0
|4 0
|6 547_000000000000000_12253_PRA_M
|7 0
|9 114292
|a UL
|b UL
|c REF
|d 2015-11-09
|l 0
|o 547.12253, PRA/M
|p NB1383
|r 2015-11-09
|w 2015-11-09
|y TH
|z 712
|